04919nam a22005655i 4500001001800000003000900018005001700027007001500044008004100059020003700100024003500137050001400172050001800186072001500204072002300219072002300242082001200265100002800277245010500305264004600410300006300456336002600519337002600545338003600571347002400607505077100631520241501402650001503817650002503832650002103857650001303878650002303891650001803914650001503932650003103947650001503978650004303993650001304036650003004049650001504079650002704094650003004121700003104151710003404182773002004216776003604236856004804272912001404320999001904334978-90-481-9738-5DE-He21320140220083825.0cr nn 008mamaa110201s2011 ne | s |||| 0|eng d a97890481973859978-90-481-9738-57 a10.1007/978-90-481-9738-52doi 4aHT390-395 4aHT165.5-169.9 7aRP2bicssc 7aPOL0020002bisacsh 7aPOL0260002bisacsh04a7102231 aYuen, Belinda.eeditor.10aHigh-Rise Living in Asian Citiesh[electronic resource] /cedited by Belinda Yuen, Anthony G.O. Yeh. 1aDordrecht :bSpringer Netherlands,c2011. aVII, 195p. 16 illus., 9 illus. in color.bonline resource. atextbtxt2rdacontent acomputerbc2rdamedia aonline resourcebcr2rdacarrier atext filebPDF2rda0 a1. Introduction: Tall Building Living in Asian Cities -- 2. Tall Building Living in High Density Cities: A Comparison of Hong Kong and Singapore -- 3. Planning and Design of Tall Residential Buildings -- 4. Physical Environment of Tall Residential Buildings: The Case of Hong Kong -- 5. Planning and Design of Environmentally Sustainable High-rises -- 6. Garden and Ecology in the Sky -- 7. Legislation and Safety of Tall Residential Buildings -- 8. The Value of Clean Air in High-Density Urban Areas -- 9. Liveability of Tall Residential Buildings -- 10. Community Development in Tall Residential Buildings -- 11. In the March of High-rise -- Appendix – CD-ROM included inside back cover The State of Urban High-rise Research: An Annotated Bibliography -- Index. aThis book is intended to fill a knowledge gap in the study of contemporary high-rise living. While there has been much documentation on the engineering and technological aspects of tall buildings, relatively little has been written about the social and livability of high-rise. Much less is written about Asian cities even though Asia is the current hotbed of high-rise development. Even though traditional discourse of high-rise housing is not always positive, new forces are redefining its place in 21st century urbanity. Many cities around the world are reembracing high-rise in urban agenda under current narrative of sustainable development. High-rise is fast becoming a priority area in international research agenda. The quest is for livable and sustainable high-rise development. Against the background of current trends--globalization, urbanization, mixed-use development, and new-built taller buildings in inner city areas in both developed and developing countries, this book examines the software: design, economics, estate management, legal and property rights, physical environment, planning, community development, and social dimensions of high-rise living. Analysis is with the widely acclaimed successful high-rise public housing in Hong Kong and Singapore to understand the advantages and worries of high-rise living, and to distill the key points and lessons in the making of a ‘good’ highrise living environment. Hong Kong and Singapore have been constructing high-rise for more than four decades each. The majority of their population has moved to live in high-rise, selecting to live high-rise, and registering consistently high residential satisfaction. The height of apartment buildings in both cities continues to rise. The tallest is anticipated to be 70-storey. It is the contention of this book that contrary to earlier common negative discourses on public high-rise living, the high-rise environment may yet offer urban residents a satisfying dwelling experience. Leading housing academics, researchers and practitioners in the two cities have contributed to this book. This book presents a timely contribution to our understanding of a widening urban phenomenon that will affect a growing number of the world’s population. Audience: This book will be of interest to researchers and policy makers in architecture, urban planning, geography, sociology and development studies. 0aGeography. 0aEngineering geology. 0aQuality of Life. 0aHousing. 0aRegional planning. 0aArchitecture. 0aSociology. 0aQuality of LifexResearch.14aGeography.24aLandscape/Regional and Urban Planning.24aHousing.24aQuality of Life Research.24aSociology.24aArchitecture, general.24aGeotechnical Engineering.1 aYeh, Anthony G.O.eeditor.2 aSpringerLink (Online service)0 tSpringer eBooks08iPrinted edition:z978904819737840uhttp://dx.doi.org/10.1007/978-90-481-9738-5 aZDB-2-EES c109077d109077